KOHA-Header-6

Textbook Medical Physiology (Record no. 1094)

000 -LEADER
fixed length control field 00316nam a2200133Ia 4500
008 - FIXED-LENGTH DATA ELEMENTS--GENERAL INFORMATION
fixed length control field 190722s9999 xx 000 0 und d
020 ## - INTERNATIONAL STANDARD BOOK NUMBER
International Standard Book Number 978-81-312-4253-7
100 ## - MAIN ENTRY--PERSONAL NAME
Personal name Indu Khurana
245 #0 - TITLE STATEMENT
Title Textbook Medical Physiology
250 ## - EDITION STATEMENT
Edition statement 2rd
260 ## - PUBLICATION, DISTRIBUTION, ETC. (IMPRINT)
Place of publication, distribution, etc India
Name of publisher, distributor, etc Elsevier
Date of publication, distribution, etc 2015
300 ## - PHYSICAL DESCRIPTION
Extent 3012
942 ## - ADDED ENTRY ELEMENTS (KOHA)
Koha item type Books
Holdings
Withdrawn status Lost status Damaged status Not for loan Collection code Permanent Location Current Location Shelving location Date acquired Total Checkouts Full call number Barcode Checked out Date last seen Date checked out Price effective from Koha item type
        Bio Sciences MAJU MAJU Shelf No.A37 2019-07-22 5 613 7719 2026-01-24 2025-07-28 2025-07-28 2019-07-22 Bio Science

Powered by Koha